000 00589nam a2200193Ia 4500
003 GCL
008 140319s9999 xx 000 0 ara d
040 _aGCL /
_cGCL
082 0 4 _a251.1
_bب ا
100 1 _aبدران ابوالعنين بدران
245 1 0 _aاصول الفقه الاسلامى /
_cبدران ابوالعنين بدران
260 _a[S.N] :
_bمؤسسة شباب الجامعة
300 _a503 ص
490 _a
650 0 4 _aالاسلام
650 0 4 _aالفقه الاسلامى
650 0 4 _aاصول الفقه الاسلامى
942 _2ddc
_cBK
999 _c30734
_d30734